000 00318nam a2200121Ia 4500
008 220204s9999 xx 000 0 und d
082 _a519.2
_bDUD
100 _aDuda, Richard O
245 0 _aPattern classification and scene analysis
260 _aNew York
_bJohn Wiley
_c1973
700 _aHart, Peter E
942 _cBK
999 _c25560
_d25560